00382nam a2200145Ia 4500008004100000020001500041041001200056082001600068100001800084245006900102260002500171300000800196650001600204700001600220221030s9999 xx 000 0 und d a0074622318 aEnglish a105.23bMal aA. P. Malvino 0aDigital Principles & Applicationscby A. P. Malvino, D. P. Leach bTMHaNew Delhic1999 a540 aBE Computer aD. P. Leach